| 000 | 004650000a22001690004500 | ||
|---|---|---|---|
| 003 | LK-CoMWRAF | ||
| 008 | 230817t1998 ||||| |||| 00| 0 eng d | ||
| 040 |
_aLK-CoMWRAF _dLK-CoMWRAF _eLK-CoMWRAF |
||
| 041 | _aeng | ||
| 082 |
_a330 _bDOC |
||
| 245 |
_aDocumentation Workshop Report _bViolence against women |
||
| 260 |
_aSouth Africa _bMASIMANYANE _c1998 |
||
| 300 | _ap.27 | ||
| 650 | _a women-South Africa | ||
| 650 | _aviolence against women <women | ||
| 942 | _cBK | ||
| 999 |
_c3130 _d3130 |
||